Statistics for Countries by Partial Satellite Image #1

Click here to take the quiz!

General Stats

  • This quiz has been taken 13,019 times
    (12,768 since last reset)
  • The average score is 10 of 15

Answer Stats

Answer % Correct
Italy
95%
Cyprus
89%
Cuba
85%
France
84%
Turkey
80%
Philippines
79%
Greece
79%
Indonesia
70%
Canada
66%
Taiwan
65%
Madagascar
61%
Russia
54%
Germany
50%
Panama
36%
Iraq
33%

Score Distribution

Percentile by Number Answered

Percent of People with Each Score

Your Score History

You have not taken this quiz since the last reset